| 000 | 00660nam a2200205Ia 4500 | ||
|---|---|---|---|
| 005 | 20260601193249.0 | ||
| 008 | 260601s9999||||xx |||||||||||||| ||und|| | ||
| 020 |
_a978-3-662-69603-3 _qebk |
||
| 100 | _aAbdelkader Hameurlain | ||
| 245 | 0 | _aTransactions on Large-Scale Data- and Knowledge-Centered Systems LVI | |
| 250 | _a2024 | ||
| 260 |
_aHeidelberg, Germany _bSpringer Nature _c2024 |
||
| 440 | _aLecture Notes in Computer Science | ||
| 650 | _aComputer Science | ||
| 700 | _aA Min Tjoa | ||
| 700 | _aAngela Bonifati | ||
| 700 | _aReza Akbarinia | ||
| 856 | _uhttps://link.springer.com/openurl?genre=book&isbn=978-3-662-69603-3 | ||
| 942 |
_cEB _2ddc |
||
| 999 |
_c56671 _d56671 |
||